| 000 | 00691nam a22001695i 4500 | ||
|---|---|---|---|
| 001 | 160009 | ||
| 003 | ES-MaACL | ||
| 005 | 20230906211918.0 | ||
| 008 | 040916s1861 fr |||| | fre d | ||
| 080 | _a929:32 Cavour, Camillo Benso, Conte di | ||
| 100 | 1 |
_aMontalembert, Charles Forbes _ccomte de ( _d1810-1870) _9130077 |
|
| 245 | 1 | 0 |
_aDeuxième lettre a le comte de Cavour prèsident du Conseil des Ministres, a Turin / _cpar le comte de Montalembert. |
| 260 |
_aParis : _bJacques Lecoffre, _c1861. |
||
| 300 |
_a80 p. ; _c21 cm. |
||
| 600 | 1 | 4 |
_aCavour, Camillo ( _d1810-1861) _9176214 |
| 852 | 4 |
_aES-MaACL _jT-88-F-11 _z- Enc. hol., falto de cub. original _z- Enc. en un vol. facticio |
|
| 999 |
_c160009 _d160009 |
||